000 00502nam a2200193Ia 4500
003 OSt
005 20260406125521.0
008 210210b1990 xxu||||| |||| 00| 0 eng d
040 _cAL
041 _aHindi
082 _aH891.3 YASM
100 _aYASHPAL.
_9134788
_dयशपाल
245 _aManushy ke rup.
_bमनुष्य के रूप
260 _aIlahabad
_bLokbharati Prakashan
_c1990
300 _a154
690 _aHindi Fiction
_9134789
906 _a052010
942 _2ddc
_cBK
999 _c100378
_d100378